000
00299nam a2200109Ia 4500
008
200302s9999 xx 000 0 und d
100
_a
Edward D. Mills
245
_a
Planning Buildings for Habitation Commerce and Industry
260
_b
Newnes-Butterworths Group
260
_c
1936
300
_a
10-20 P.,
999
_c
5232
_d
5232